<?xml version="1.0" encoding="UTF-8"?><collection xmlns="info:lc/xmlns/marcxchange-v2"><record format="Unimarc" type="bibliographic"><leader>00713cam 02200241  04500</leader><controlfield tag="001">1984316</controlfield><controlfield tag="003">http://id.bnportugal.gov.pt/bib/porbase/1984316</controlfield><controlfield tag="005">20030503104300.0</controlfield><datafield ind1=" " ind2=" " tag="010"><subfield code="a">0-85274-169-3</subfield></datafield><datafield ind1=" " ind2=" " tag="035"><subfield code="2">41325</subfield></datafield><datafield ind1=" " ind2=" " tag="095"><subfield code="a">PTBN00249924</subfield></datafield><datafield ind1=" " ind2=" " tag="100"><subfield code="a">19890223d1988    k  y0pory0103    ba</subfield></datafield><datafield ind1="0" ind2=" " tag="101"><subfield code="a">eng</subfield></datafield><datafield ind1=" " ind2=" " tag="102"><subfield code="a">GB</subfield></datafield><datafield ind1="1" ind2=" " tag="200"><subfield code="a">&lt;An &gt;introduction to spinors and geometry with applications in physics</subfield></datafield><datafield ind1=" " ind2=" " tag="210"><subfield code="a">Bristol</subfield><subfield code="c">Adam-Hilger</subfield><subfield code="d">1988</subfield></datafield><datafield ind1=" " ind2=" " tag="215"><subfield code="a">X, 358 p.</subfield></datafield><datafield ind1=" " ind2=" " tag="675"><subfield code="a">514.7</subfield><subfield code="v">med</subfield><subfield code="z">eng</subfield><subfield code="3">305057</subfield></datafield><datafield ind1=" " ind2=" " tag="675"><subfield code="a">514.8</subfield><subfield code="v">med</subfield><subfield code="z">eng</subfield><subfield code="3">331834</subfield></datafield><datafield ind1=" " ind2="1" tag="700"><subfield code="a">Benn</subfield><subfield code="b">I. M.</subfield><subfield code="3">1536306</subfield></datafield><datafield ind1=" " ind2="1" tag="701"><subfield code="a">Tucker</subfield><subfield code="b">R. W.</subfield><subfield code="4">070</subfield><subfield code="3">1536307</subfield></datafield><datafield ind1=" " ind2="0" tag="801"><subfield code="a">PT</subfield><subfield code="b">BN</subfield><subfield code="g">RPC</subfield></datafield><datafield ind1=" " ind2=" " tag="977"><subfield code="1">514:53 BEN</subfield><subfield code="2">coop</subfield><subfield code="4">UCDF</subfield><subfield code="6">074138/JS</subfield><subfield code="7">bc</subfield><subfield code="8">COOP</subfield><subfield code="9">UCDF</subfield><subfield code="b">74138</subfield><subfield code="k">0</subfield></datafield><datafield ind1=" " ind2=" " tag="977"><subfield code="1">53A/BEN</subfield><subfield code="2">coop</subfield><subfield code="4">UCMA</subfield><subfield code="6">mq3075059</subfield><subfield code="7">bc</subfield><subfield code="8">coop</subfield><subfield code="9">UCMA</subfield><subfield code="k">0</subfield></datafield><datafield ind1=" " ind2=" " tag="998"><subfield code="a">UCMA3 - 00077</subfield></datafield></record></collection>